[Event "PRO League Group Stage"]
[Site "chess.com INT"]
[Date "2019.01.21"]
[Round "3"]
[White "Vachier-Lagrave, Maxime"]
[Black "Sebenik, Matej"]
[Result "1/2-1/2"]
[WhiteTitle "GM"]
[BlackTitle "GM"]
[WhiteElo "2780"]
[BlackElo "2540"]
[WhiteTeam "Marseille Migraines"]
[BlackTeam "Ljubljana Turtles"]
[WhiteFideId "623539"]
[BlackFideId "14602296"]
[EventDate "2019.01.08"]

1. e4 c5 2. Nf3 g6 3. d4 cxd4 4. Nxd4 Nc6 5. Nc3 Bg7 6. Be3 Nf6 7. Bc4 O-O 8.
Bb3 d6 9. f3 Bd7 10. Qd2 Na5 11. h4 h5 12. Bh6 Nxb3 13. axb3 Bxh6 14. Qxh6 e5
15. Nde2 b5 16. g4 b4 17. Nd5 Nxd5 18. exd5 Qf6 19. gxh5 Qxf3 20. hxg6 Qxh1+ 21.
Kd2 Qxd5+ 22. Ke3 Qc5+ 23. Kd2 Qd5+ 24. Ke3 Qc5+ 25. Kd2 Qd5+ 1/2-1/2

[Event "PRO League Group Stage"]
[Site "chess.com INT"]
[Date "2019.01.21"]
[Round "3"]
[White "Skoberne, Jure"]
[Black "Regoli, Stephane"]
[Result "1-0"]
[WhiteTitle "GM"]
[WhiteElo "2582"]
[BlackElo "2256"]
[WhiteTeam "Ljubljana Turtles"]
[BlackTeam "Marseille Migraines"]
[WhiteFideId "14604299"]
[BlackFideId "615110"]
[EventDate "2019.01.08"]

1. Nf3 d5 2. g3 Nf6 3. Bg2 e6 4. O-O Be7 5. d3 O-O 6. Nbd2 c5 7. e4 Nc6 8. Re1
dxe4 9. dxe4 e5 10. c3 Qc7 11. a4 h6 12. Nh4 Rd8 13. Nf5 Bf8 14. Qf3 Ne8 15. Bf1
Be6 16. Nc4 Na5 17. Nfe3 Nxc4 18. Bxc4 Bxc4 19. Nxc4 Qe7 20. Qh5 Qe6 21. Ne3 Nf6
22. Qf5 Qxf5 23. exf5 Rd3 24. Nc4 e4 25. Bf4 Rad8 26. Be5 Nd5 27. Rxe4 f6 28.
Bf4 Nxf4 29. Rxf4 Rd1+ 30. Rxd1 Rxd1+ 31. Kg2 Ra1 32. a5 Ra2 33. Re4 b5 34. axb6
axb6 35. Nxb6 Rxb2 36. Nd5 Rd2 37. Nf4 Bd6 38. Ne6 Rd3 39. c4 Kf7 40. Re3 Rd2
41. Ra3 Rc2 42. Ra7+ Be7 43. Nxc5 Rxc4 44. Ne6 Rc2 45. Nd4 Rd2 46. Nc6 Re2 47.
Kf1 Re4 48. f3 Re3 49. Kf2 Re5 50. Nxe5+ fxe5 51. Ke3 Kf6 52. Ke4 1-0

[Event "PRO League Group Stage"]
[Site "chess.com INT"]
[Date "2019.01.21"]
[Round "3"]
[White "Moussard, Jules"]
[Black "Lenic, Luka"]
[Result "0-1"]
[WhiteTitle "GM"]
[BlackTitle "GM"]
[WhiteElo "2605"]
[BlackElo "2645"]
[WhiteTeam "Marseille Migraines"]
[BlackTeam "Ljubljana Turtles"]
[WhiteFideId "642908"]
[BlackFideId "14603853"]
[EventDate "2019.01.08"]

1. e4 c5 2. Nf3 Nc6 3. Nc3 e5 4. Bc4 Be7 5. O-O d6 6. d3 Nf6 7. Ng5 O-O 8. f4
Bg4 9. Nf3 exf4 10. Bxf4 Nh5 11. Be3 Ne5 12. Bb3 Bf6 13. Kh1 Rc8 14. Bd5 Qd7 15.
Qd2 b5 16. a3 a5 17. a4 b4 18. Nb5 Nxf3 19. gxf3 Be6 20. Bxe6 fxe6 21. c4 e5 22.
Rg1 g6 23. Raf1 Bg7 24. b3 Rf7 25. Qg2 Rcf8 26. Rf2 Nf4 27. Bxf4 Rxf4 28. Rgf1
Bf6 29. Rg1 Bh4 30. Rff1 Kg7 31. h3 Be7 32. Qg3 Rh4 33. Kh2 Rff4 34. Rg2 Rh5 35.
Rfg1 Bh4 36. Qg4 Rxg4 37. Rxg4 Bg5 38. Kg2 Be3 39. Rh1 Rg5 40. Rxg5 Bxg5 41. Kf2
Bh4+ 42. Ke2 Kf7 43. Rh2 Ke6 44. Rg2 Qe7 45. Rg4 Kd7 46. f4 Qf6 47. f5 gxf5 48.
exf5 Bg5 49. h4 Bh6 50. Rg8 Qxf5 51. Rh8 Qg4+ 52. Ke1 Qg3+ 53. Kf1 Qf3+ 54. Ke1
Qe3+ 55. Kf1 Qxd3+ 56. Kf2 Qe3+ 57. Kg2 Qe4+ 58. Kf2 Be3+ 59. Ke2 Bf4+ 0-1

[Event "PRO League Group Stage"]
[Site "chess.com INT"]
[Date "2019.01.21"]
[Round "3"]
[White "Unuk, Laura"]
[Black "Delorme, Alban"]
[Result "1-0"]
[WhiteTitle "WIM"]
[BlackTitle "FM"]
[WhiteElo "2234"]
[BlackElo "2320"]
[WhiteTeam "Ljubljana Turtles"]
[BlackTeam "Marseille Migraines"]
[WhiteFideId "14609215"]
[BlackFideId "623636"]
[EventDate "2019.01.08"]

1. d4 d5 2. c4 e6 3. Nf3 Nf6 4. g3 Be7 5. Bg2 O-O 6. O-O dxc4 7. Qc2 a6 8. a4
Bd7 9. Qxc4 Bc6 10. Bf4 b5 11. Qc2 Nd5 12. Bd2 bxa4 13. Ne5 Bb5 14. Nc3 Nxc3 15.
bxc3 Ra7 16. c4 Qxd4 17. Be3 Qxe5 18. cxb5 c5 19. bxc6 Nxc6 20. Bxc6 Rc7 21. Bf4
Rxc6 22. Qxc6 Qxe2 23. Rxa4 e5 24. Re4 Qf3 25. Bxe5 h5 26. Qc4 h4 27. Re3 Qf5
28. gxh4 Qg4+ 29. Qxg4 1-0

[Event "PRO League Group Stage"]
[Site "chess.com INT"]
[Date "2019.01.21"]
[Round "3"]
[White "Admiraal, Miguoel"]
[Black "Meier, Georg"]
[Result "0-1"]
[WhiteTitle "IM"]
[BlackTitle "GM"]
[WhiteElo "2478"]
[BlackElo "2623"]
[WhiteTeam "Amsterdam Mosquitoes"]
[BlackTeam "Baden-Baden Snowballs"]
[WhiteFideId "1019716"]
[BlackFideId "4675789"]
[EventDate "2019.01.08"]

1. e4 e6 2. d4 d5 3. Nd2 c5 4. exd5 Qxd5 5. dxc5 Nf6 6. Ngf3 Qxc5 7. Bd3 Nbd7 8.
Qe2 Qc7 9. O-O Nc5 10. Bb5+ Bd7 11. b3 Be7 12. Bb2 O-O 13. Bxd7 Ncxd7 14. Ne4
Nxe4 15. Qxe4 b5 16. a4 Bf6 17. Bxf6 Nxf6 18. Qe2 b4 19. Ne5 Rac8 20. Nc4 Nd5
21. g3 Nc3 22. Qf3 Rfd8 23. Rae1 Nxa4 24. Re5 Nb6 25. Nxb6 Qxb6 26. Qe2 h6 27.
Rd1 Qc6 28. Rxd8+ Rxd8 29. Ra5 Rd7 30. Ra4 Qb6 31. h4 a5 32. Kg2 Rd5 33. Ra1 Qd4
34. Re1 g6 35. Qe4 Qxe4+ 36. Rxe4 Rc5 37. Re2 Kf8 38. Kf1 Ke7 39. Ke1 e5 40. Kd2
Ke6 41. Re1 Kf5 42. Re3 Kg4 43. Rd3 g5 44. hxg5 hxg5 45. Rd7 f5 46. Rf7 e4 47.
Rf8 Kf3 48. Ke1 f4 49. gxf4 gxf4 50. Kd2 Rd5+ 51. Ke1 Rh5 52. Kd2 Rh2 53. Ke1
Rh1+ 54. Kd2 Rf1 55. c4 bxc3+ 56. Kxc3 Rxf2 57. Ra8 Ra2 58. Rxa5 Rxa5 59. b4 e3
60. bxa5 e2 61. Kd2 Kf2 62. Kd3 e1=Q 63. a6 Qa5 64. a7 Qa6+ 65. Kd4 f3 66. Ke4
Qb7+ 67. Kf4 Ke2 68. Kg4 f2 69. a8=Q Qxa8 70. Kg3 Qf3+ 71. Kh2 Qg4 72. Kh1 Kf3
73. Kh2 Qg2# 0-1

[Event "PRO League Group Stage"]
[Site "chess.com INT"]
[Date "2019.01.21"]
[Round "3"]
[White "Spoelman, Wouter"]
[Black "Fridman, Daniel"]
[Result "1-0"]
[WhiteTitle "GM"]
[BlackTitle "GM"]
[WhiteElo "2578"]
[BlackElo "2631"]
[WhiteTeam "Amsterdam Mosquitoes"]
[BlackTeam "Baden-Baden Snowballs"]
[WhiteFideId "1010891"]
[BlackFideId "11600454"]
[EventDate "2019.01.08"]

1. c4 e6 2. Nf3 d5 3. e3 Nf6 4. b3 c5 5. Bb2 Nc6 6. cxd5 exd5 7. d4 cxd4 8. Nxd4
Bb4+ 9. Bc3 a5 10. a3 Bc5 11. Nxc6 bxc6 12. Nd2 Qe7 13. Be2 Bxa3 14. Bxf6 gxf6
15. O-O Bb2 16. Qc2 Bxa1 17. Qxc6+ Kd8 18. Qxa8 Bc3 19. Rc1 d4 20. Ba6 Kd7 21.
Bb5+ Kd8 22. exd4 Qa3 23. Qd5+ Ke7 24. Qe4+ Be6 25. Rxc3 Qb4 26. Qb7+ Kf8 27.
Qb8+ 1-0

[Event "PRO League Group Stage"]
[Site "chess.com INT"]
[Date "2019.01.21"]
[Round "3"]
[White "Kollars, Dmitrij"]
[Black "Lopez, Jasel"]
[Result "1-0"]
[WhiteTitle "GM"]
[BlackTitle "FM"]
[WhiteElo "2562"]
[BlackElo "2388"]
[WhiteTeam "Baden-Baden Snowballs"]
[BlackTeam "Amsterdam Mosquitoes"]
[WhiteFideId "12909572"]
[BlackFideId "15900045"]
[EventDate "2019.01.08"]

1. e4 e6 2. d4 d5 3. exd5 exd5 4. Nf3 Bd6 5. c4 Qe7+ 6. Be3 Nf6 7. Be2 dxc4 8.
O-O h6 9. Bxc4 O-O 10. Re1 Qd8 11. Nc3 Nbd7 12. Bb3 Nb6 13. Ne5 c6 14. Qf3 Bc7
15. Rad1 Nbd5 16. Bc1 Be6 17. Bc2 Re8 18. h3 Qd6 19. Ne4 Nxe4 20. Qxe4 Nf6 21.
Qh4 Qe7 22. Qg3 Nh5 23. Qd3 Nf6 24. Ng4 Qd8 25. Nxf6+ Qxf6 26. Qh7+ Kf8 27. b3
Rad8 28. Rd3 Qg6 29. Qxg6 fxg6 30. Rf3+ Bf7 31. Ba3+ Kg8 32. Rfe3 Bf4 33. Re7
Rxe7 34. Rxe7 Rxd4 35. g3 Bg5 36. Rxb7 Bd5 37. h4 Bf6 38. Bc1 a5 39. Be3 Rb4 40.
Ra7 a4 41. Bxg6 c5 42. Bxc5 Rb8 43. Rxa4 Rc8 44. b4 Re8 45. Bxe8 1-0

[Event "PRO League Group Stage"]
[Site "chess.com INT"]
[Date "2019.01.21"]
[Round "3"]
[White "Agrest, Inna"]
[Black "Ducarmon, Quinten"]
[Result "0-1"]
[WhiteTitle "WIM"]
[BlackTitle "IM"]
[WhiteElo "2275"]
[BlackElo "2479"]
[WhiteTeam "Baden-Baden Snowballs"]
[BlackTeam "Amsterdam Mosquitoes"]
[WhiteFideId "1708830"]
[BlackFideId "1025007"]
[EventDate "2019.01.08"]

1. e4 c6 2. d4 d5 3. f3 Qb6 4. Nc3 dxe4 5. Bc4 Nf6 6. fxe4 e5 7. Nf3 exd4 8.
Qxd4 Qxd4 9. Nxd4 Bc5 10. Nf3 O-O 11. Bg5 Ng4 12. Rf1 a5 13. a3 Nd7 14. Bb3 b5
15. h3 Ne3 16. Bxe3 Bxe3 17. Nh4 g6 18. Nf3 Ba6 19. Rd1 Nc5 20. Ne5 Nxb3 21.
cxb3 b4 22. Ne2 Rae8 23. Nd7 Re7 24. Nxf8 Kxf8 25. Rf6 Rxe4 26. Rxc6 Bb5 27.
Rc8+ Kg7 28. a4 Ba6 29. Ra8 Re6 30. Rd7 Bg5 31. Rxa6 Rxa6 32. Nd4 Bc1 33. Nb5
Bxb2 34. Nd6 Kf6 35. Nxf7 Bc3+ 36. Ke2 Re6+ 37. Kd3 h5 38. Ra7 Rc6 39. Nh6 Rc5
40. g4 Kg5 41. Nf7+ Kh4 42. gxh5 gxh5 43. Ra6 Kxh3 44. Rh6 h4 45. Ke4 Kg3 46.
Rg6+ Kf2 47. Rh6 Rc7 48. Ng5 Rd7 49. Ne6 Kg3 50. Rg6+ Kh2 51. Rh6 h3 52. Nf4
Rd4+ 0-1

[Event "PRO League Group Stage"]
[Site "chess.com INT"]
[Date "2019.01.21"]
[Round "3"]
[White "Lampert, Jonas"]
[Black "Lagarde, Maxime"]
[Result "0-1"]
[WhiteTitle "IM"]
[BlackTitle "GM"]
[WhiteElo "2544"]
[BlackElo "2604"]
[WhiteTeam "Berlin Bears"]
[BlackTeam "Cannes Blitzstreams"]
[WhiteFideId "1303759"]
[BlackFideId "662399"]
[EventDate "2019.01.08"]

1. d4 Nc6 2. Nf3 d6 3. e4 Nf6 4. Nc3 g6 5. Be2 Bg7 6. d5 Nb8 7. O-O O-O 8. Be3
e5 9. dxe6 Bxe6 10. h3 Nc6 11. Qd2 Re8 12. Rad1 a6 13. Bg5 b5 14. Qf4 b4 15. Nd5
Bxd5 16. exd5 Rxe2 17. dxc6 Rxc2 18. Qxb4 h6 19. Nd4 Rc5 20. Bc1 Nd5 21. Qb3 Rb8
22. Qf3 Qf6 23. Qe4 Rxc1 24. Rxc1 Qxd4 25. Qxd4 Bxd4 26. Rcd1 Nf4 27. Rfe1 Bf6
28. Re4 Ne6 29. b3 Rb6 30. Rc4 Kf8 31. g3 Ke7 32. h4 h5 33. Kg2 Rb5 34. Ra4 a5
35. Rc4 d5 36. Rc2 Kd6 37. Rdc1 Rc5 38. a3 Rxc2 39. Rxc2 Nd4 40. Rc3 Be7 41. b4
axb4 42. axb4 Nxc6 43. b5 Nd4 44. Kh3 Nxb5 45. Rf3 f5 46. Rb3 c6 47. Rb2 Bf6 48.
Ra2 d4 49. f3 Nc3 50. Ra7 d3 0-1

[Event "PRO League Group Stage"]
[Site "chess.com INT"]
[Date "2019.01.21"]
[Round "3"]
[White "Braun, Arik"]
[Black "Mekhitarian, Krikor Sevag"]
[Result "1/2-1/2"]
[WhiteTitle "GM"]
[BlackTitle "GM"]
[WhiteElo "2598"]
[BlackElo "2536"]
[WhiteTeam "Berlin Bears"]
[BlackTeam "Cannes Blitzstreams"]
[WhiteFideId "4663527"]
[BlackFideId "2107660"]
[EventDate "2019.01.08"]

1. d4 Nf6 2. Bg5 d5 3. Bxf6 gxf6 4. Nf3 c5 5. dxc5 e6 6. e3 Bxc5 7. Nbd2 Nc6 8.
a3 f5 9. c4 dxc4 10. Bxc4 Qf6 11. Qc2 O-O 12. O-O Bb6 13. Be2 Bd7 14. Nc4 Bc7
15. Rfd1 Rfd8 16. Qb3 Rab8 17. a4 e5 18. Rd2 Be6 19. Rxd8+ Qxd8 20. Qc3 f6 21.
Na3 Qe7 22. Bc4 Kh8 23. Rd1 a6 24. Bxe6 Qxe6 25. Qc4 Qxc4 26. Nxc4 f4 27. exf4
exf4 28. Kf1 b5 29. axb5 axb5 30. Na3 Ne5 31. Rd5 Nxf3 32. gxf3 Be5 33. b3 b4
34. Nc4 Bc3 35. h4 Ra8 36. h5 Kg7 37. Kg2 Ra2 38. Kh3 Rxf2 39. Kg4 Rg2+ 40. Kxf4
Kh6 41. Rd7 Rh2 42. Ne3 Bd2 43. Kg3 Re2 44. Ng4+ Kxh5 45. Nxf6+ Kg6 46. Ne4 Be1+
47. Kf4 Rb2 48. Rd6+ Kf7 49. Rd3 Bc3 50. Kf5 Rxb3 51. Rd7+ Kf8 52. Rxh7 Ra3 53.
Rb7 Ra6 54. f4 Ke8 55. Kg5 Kd8 56. f5 Kc8 57. Rb5 Ba1 58. Rxb4 Kd7 59. Rb7+ Kc6
60. Re7 Kd5 61. Re8 Ra3 62. Nf2 Rg3+ 63. Ng4 Ra3 64. Rd8+ Ke4 65. Nf6+ Kf3 66.
Nh5 Ra5 67. Kg6 Ra6+ 68. Kg5 Ra5 69. Rd3+ Kf2 70. Nf4 Ra8 71. Ne6 Rg8+ 72. Kf4
Ra8 73. Ng5 Ke2 74. Rb3 Kd2 75. Ne4+ Kc2 76. Rb5 Kd3 77. Rd5+ Kc4 78. Rd7 Rh8
79. Ng5 Rh4+ 80. Kg3 Rh1 81. Ra7 Bb2 82. Ne4 Bd4 83. Rc7+ Kd5 84. Ng5 Rf1 85.
Kg4 Rg1+ 86. Kh5 Be3 87. Rd7+ Kc6 88. Rg7 Bd4 89. Rg6+ Kd5 90. f6 Bxf6 91. Rxf6
Rc1 92. Rf5+ Kd6 93. Kg4 Rc4+ 94. Kf3 Ra4 95. Ne4+ Kc6 96. Kf4 Rb4 97. Rf6+ Kc7
98. Ke5 Rb5+ 99. Kd4 Rb4+ 100. Kd5 Rb1 101. Rf7+ Kb6 102. Rf6+ Kc7 103. Rc6+ Kd7
104. Nc5+ Ke7 105. Ke5 Re1+ 106. Ne4 Kd7 107. Ra6 Kc7 108. Kd5 Rd1+ 109. Kc4
Rc1+ 110. Nc3 Kd7 111. Kd4 Rh1 112. Ra7+ Ke6 113. Ne4 Rd1+ 114. Ke3 Re1+ 115.
Kf4 Rf1+ 116. Kg3 Re1 117. Ng5+ Kf6 118. Nf3 Rb1 119. Nd2 Rb4 120. Kf3 Ke6 121.
Ne4 Rb1 122. Ra6+ Ke7 123. Kf4 Rb5 124. Nc3 Rc5 125. Ra7+ Ke6 126. Ne4 Rc4 127.
Ra6+ Kd7 128. Ke5 Kc7 129. Kd5 Rc1 130. Ra7+ Kb6 131. Re7 Rd1+ 132. Kc4 Rc1+
133. Nc3 Rh1 134. Nd5+ Kc6 135. Re6+ Kd7 136. Rg6 Rc1+ 137. Kd4 Rd1+ 138. Ke4
Re1+ 139. Ne3 Ra1 140. Ke5 Re1 1/2-1/2

[Event "PRO League Group Stage"]
[Site "chess.com INT"]
[Date "2019.01.21"]
[Round "3"]
[White "Velten, Paul"]
[Black "Berger, Steve"]
[Result "1-0"]
[WhiteTitle "GM"]
[BlackTitle "IM"]
[WhiteElo "2496"]
[BlackElo "2435"]
[WhiteTeam "Cannes Blitzstreams"]
[BlackTeam "Berlin Bears"]
[WhiteFideId "681091"]
[BlackFideId "4644786"]
[EventDate "2019.01.08"]

1. d4 e6 2. c4 Nf6 3. Nf3 Bb4+ 4. Bd2 Qe7 5. e3 b6 6. Bxb4 Qxb4+ 7. Qd2 Qxd2+ 8.
Nfxd2 Bb7 9. Nc3 Ke7 10. f3 d6 11. Kf2 c5 12. Nb3 Rc8 13. Be2 Nbd7 14. Rhd1 cxd4
15. Rxd4 Nc5 16. Rad1 Rd8 17. e4 Bc6 18. R4d2 Nxb3 19. axb3 a5 20. Ke3 Ne8 21.
h4 Nc7 22. g3 Na6 23. Re1 Nc5 24. Bd1 e5 25. Bc2 Ne6 26. f4 f6 27. Bd1 h6 28.
Bc2 Rh8 29. f5 Nc5 30. Ra1 Rhg8 31. h5 Rgb8 32. Rdd1 b5 33. cxb5 Bxb5 34. b4 Nd7
35. bxa5 Bc4 36. Ra4 Bb3 37. Bxb3 Rxb3 38. Ra2 Nc5 39. Kd2 Kd7 40. Kc2 Kc6 41.
a6 Rb4 42. a7 Rd4 43. Rxd4 exd4 44. b4 dxc3 45. bxc5 Kxc5 46. Kxc3 d5 47. exd5
Kxd5 48. Kb4 Ke4 49. Kc5 Kxf5 50. Kb6 Kg4 51. Kb7 Rf8 52. Rc2 Kxh5 53. Rc8 Rf7+
54. Rc7 1-0

[Event "PRO League Group Stage"]
[Site "chess.com INT"]
[Date "2019.01.21"]
[Round "3"]
[White "Bordi, Kevin"]
[Black "Blohberger, Felix"]
[Result "1/2-1/2"]
[BlackTitle "IM"]
[WhiteElo "2288"]
[BlackElo "2450"]
[WhiteTeam "Cannes Blitzstreams"]
[BlackTeam "Berlin Bears"]
[WhiteFideId "621862"]
[BlackFideId "1632051"]
[EventDate "2019.01.08"]

1. d4 Nf6 2. Bg5 d5 3. Bxf6 exf6 4. e3 c6 5. c4 dxc4 6. Bxc4 Bd6 7. Nf3 O-O 8.
O-O Nd7 9. Nc3 f5 10. Rb1 Qe7 11. a3 Nf6 12. Re1 Ne4 13. Qc2 Bd7 14. Bf1 Rfe8
15. g3 Rac8 16. b4 Bb8 17. Nd2 h5 18. Bg2 Nxd2 19. Qxd2 h4 20. a4 hxg3 21. hxg3
Bd6 22. b5 Bb4 23. Qb2 Bxc3 24. Qxc3 cxb5 25. Qa5 a6 26. Bxb7 Rc2 27. Qxa6 bxa4
28. Rbc1 1/2-1/2

[Event "PRO League Group Stage"]
[Site "chess.com INT"]
[Date "2019.01.21"]
[Round "3"]
[White "Alonso Rosell, Alvar"]
[Black "Hammer, Jon Ludvig"]
[Result "1/2-1/2"]
[WhiteTitle "GM"]
[BlackTitle "GM"]
[WhiteElo "2559"]
[BlackElo "2652"]
[WhiteTeam "Barcelona Raptors"]
[BlackTeam "Norway Gnomes"]
[WhiteFideId "2270544"]
[BlackFideId "1503707"]
[EventDate "2019.01.08"]

1. d4 Nf6 2. Nf3 d5 3. c4 e6 4. Nc3 Bb4 5. Qa4+ Nc6 6. e3 O-O 7. Bd2 dxc4 8.
Bxc4 Bd6 9. Qc2 e5 10. dxe5 Nxe5 11. Nxe5 Bxe5 12. f4 Bxc3 13. Bxc3 Qe7 14. O-O
Be6 15. Bd3 Bd5 16. Bxf6 Qxe3+ 17. Kh1 gxf6 18. Rae1 Qb6 19. Bxh7+ Kg7 20. Be4
Bxe4 21. Qxe4 Rfe8 22. Qf3 Rxe1 23. Rxe1 Qxb2 24. Qg4+ Kf8 25. Qh4 Kg7 26. Qg4+
Kf8 27. Qh4 Kg7 28. h3 Rd8 29. Qg3+ Kf8 30. Qh4 Kg7 31. Kh2 Qd2 32. Qg3+ Kf8 33.
Qh4 Kg7 34. Qg3+ Kf8 35. Qh4 Kg7 1/2-1/2

[Event "PRO League Group Stage"]
[Site "chess.com INT"]
[Date "2019.01.21"]
[Round "3"]
[White "Forcen Esteban, Daniel"]
[Black "Salomon, Johan"]
[Result "1-0"]
[WhiteTitle "GM"]
[BlackTitle "GM"]
[WhiteElo "2567"]
[BlackElo "2494"]
[WhiteTeam "Barcelona Raptors"]
[BlackTeam "Norway Gnomes"]
[WhiteFideId "2288230"]
[BlackFideId "1509500"]
[EventDate "2019.01.08"]

1. Nf3 Nf6 2. d4 c5 3. d5 b5 4. Bg5 g6 5. Bxf6 exf6 6. e4 b4 7. Nbd2 Bg7 8. Bd3
O-O 9. O-O d6 10. Nc4 a5 11. a3 Qc7 12. Nfd2 Nd7 13. f4 Ba6 14. Qg4 f5 15. exf5
Nf6 16. Qf3 Bb7 17. Ne3 Rfe8 18. Ndc4 Re7 19. fxg6 hxg6 20. f5 g5 21. Qg3 Rae8
22. Qxg5 Nh7 23. Qf4 Rxe3 24. Nxe3 Rxe3 25. f6 Rxd3 26. cxd3 Nxf6 27. axb4 Nxd5
28. Qg5 cxb4 29. Rae1 Qd7 30. Re4 f6 31. Qh5 Kf8 32. Rfe1 Nc7 33. R4e2 Bd5 34.
Rc1 Be6 35. Qxa5 Nd5 36. Qa8+ Kf7 37. Ra1 Kg6 38. Ra7 Qc6 39. Qxc6 1-0

[Event "PRO League Group Stage"]
[Site "chess.com INT"]
[Date "2019.01.21"]
[Round "3"]
[White "Hauge, Lars Oskar"]
[Black "Herrera Reyes, Jose Antonio"]
[Result "1-0"]
[WhiteTitle "IM"]
[BlackTitle "FM"]
[WhiteElo "2466"]
[BlackElo "2324"]
[WhiteTeam "Norway Gnomes"]
[BlackTeam "Barcelona Raptors"]
[WhiteFideId "1509276"]
[BlackFideId "2274914"]
[EventDate "2019.01.08"]

1. d4 Nf6 2. Nf3 c5 3. c3 g6 4. e3 Bg7 5. Be2 O-O 6. O-O d6 7. Re1 Nbd7 8. Nbd2
a6 9. c4 cxd4 10. exd4 e5 11. Bf1 Qc7 12. b3 b5 13. cxb5 axb5 14. Bb2 Qb6 15. h3
Bb7 16. Qe2 e4 17. Nh2 Bc6 18. d5 Bxd5 19. Qxb5 Qa7 20. Qe2 Bb7 21. Nc4 d5 22.
Nd6 Ba6 23. Nb5 Qb6 24. a4 d4 25. Bxd4 Bxb5 26. Qd1 Qb8 27. Bxb5 Rd8 28. Qe2 Ng4
29. Nxg4 Bxd4 30. Rad1 Nc5 31. Bc4 h5 32. Nh6+ Kg7 33. Nxf7 Rd7 34. Ng5 Qf4 35.
Nxe4 Re8 36. Bd3 Nxd3 37. Rxd3 Rxe4 38. Qxe4 Qxe4 39. Rxe4 Bxf2+ 40. Kxf2 Rxd3
41. Re3 Rd2+ 42. Kf3 Rb2 43. Rc3 Kf6 44. g4 h4 45. Ke4 Kg5 46. a5 Re2+ 47. Kd4
Ra2 48. b4 Kf4 49. Kc5 Ke5 50. Kb6 Kd4 51. Rc6 Ra3 52. Rxg6 Rxh3 53. a6 Rb3 54.
b5 Kc4 55. a7 Rxb5+ 56. Ka6 Rb1 57. a8=Q Ra1+ 58. Kb7 Rxa8 59. Kxa8 Kd4 60. Rh6
Ke4 61. Rxh4 1-0

[Event "PRO League Group Stage"]
[Site "chess.com INT"]
[Date "2019.01.21"]
[Round "3"]
[White "Mihajlov, Sebastian"]
[Black "Asis Gargatagli, Hipolito"]
[Result "1-0"]
[WhiteTitle "IM"]
[BlackTitle "IM"]
[WhiteElo "2363"]
[BlackElo "2529"]
[WhiteTeam "Norway Gnomes"]
[BlackTeam "Barcelona Raptors"]
[WhiteFideId "1512110"]
[BlackFideId "2260735"]
[EventDate "2019.01.08"]

1. d4 Nf6 2. c4 e6 3. Nf3 c5 4. d5 d6 5. Nc3 exd5 6. cxd5 g6 7. Bf4 a6 8. Nd2
Nh5 9. Qa4+ Qd7 10. Qe4+ Kd8 11. a4 Nxf4 12. Qxf4 Qe7 13. Nc4 f5 14. h4 Nd7 15.
e3 Kc7 16. a5 Bg7 17. Na4 Ne5 18. Ncb6 Rb8 19. Rc1 Kd8 20. b4 cxb4 21. Qxb4 Bd7
22. Be2 h6 23. O-O g5 24. Nxd7 Nxd7 25. Rc4 Qe5 26. Rfc1 Ke7 27. Rc7 Rhc8 28.
Rxc8 Rxc8 29. Rxc8 1-0

[Event "PRO League Group Stage"]
[Site "chess.com INT"]
[Date "2019.01.21"]
[Round "3"]
[White "Lenic, Luka"]
[Black "Vachier-Lagrave, Maxime"]
[Result "0-1"]
[WhiteTitle "GM"]
[BlackTitle "GM"]
[WhiteElo "2645"]
[BlackElo "2780"]
[WhiteTeam "Ljubljana Turtles"]
[BlackTeam "Marseille Migraines"]
[WhiteFideId "14603853"]
[BlackFideId "623539"]
[EventDate "2019.01.08"]

1. d4 Nf6 2. c4 g6 3. Nc3 Bg7 4. e4 O-O 5. Nf3 d6 6. Be2 e5 7. O-O Nc6 8. dxe5
dxe5 9. Bg5 Qxd1 10. Rfxd1 h6 11. Be3 Bg4 12. h3 Bxf3 13. Bxf3 Rfd8 14. Nd5 Ne8
15. Rac1 a5 16. c5 a4 17. Be2 Nd4 18. Bxd4 exd4 19. c6 b6 20. Bd3 Ra5 21. Rc4 f5
22. f3 fxe4 23. fxe4 Be5 24. Rc2 Kg7 25. Rf1 Ra7 26. Rf3 Nd6 27. g3 Rf8 28. Rxf8
Kxf8 29. Kg2 Kg7 30. h4 Nf7 31. Bc4 Ra5 32. Nb4 Bd6 33. Nd3 Ne5 34. Nxe5 Rxe5
35. Bd5 b5 36. Rf2 Re7 37. Rf3 h5 38. b3 a3 39. Rd3 Bc5 40. Rf3 b4 41. Kh3 Bd6
42. Kg2 g5 43. hxg5 Kg6 44. Rf5 d3 45. Kf3 d2 46. Ke2 Bxg3 47. Kxd2 h4 48. Ke2
h3 49. Kf3 Bd6 50. Kg4 h2 51. Rf6+ Kg7 52. Rf1 Be5 53. Kh5 Bd4 54. e5 Rxe5 55.
Bh1 Be3 56. Re1 Rxg5+ 57. Kh4 Rg1 58. Rxe3 Rxh1 59. Kh3 Ra1 60. Kxh2 Rxa2+ 61.
Kg3 0-1

[Event "PRO League Group Stage"]
[Site "chess.com INT"]
[Date "2019.01.21"]
[Round "3"]
[White "Sebenik, Matej"]
[Black "Moussard, Jules"]
[Result "1/2-1/2"]
[WhiteTitle "GM"]
[BlackTitle "GM"]
[WhiteElo "2540"]
[BlackElo "2605"]
[WhiteTeam "Ljubljana Turtles"]
[BlackTeam "Marseille Migraines"]
[WhiteFideId "14602296"]
[BlackFideId "642908"]
[EventDate "2019.01.08"]

1. d4 g6 2. e4 Bg7 3. Nc3 d6 4. Be3 a6 5. Qd2 b5 6. h4 h5 7. f3 Nd7 8. a4 b4 9.
Nd5 c5 10. dxc5 dxc5 11. O-O-O e6 12. Bg5 f6 13. Bf4 Ne5 14. Nxf6+ Qxf6 15. Bg5
Qf8 16. Qd8+ Kf7 17. Qc7+ Ne7 18. f4 Nc6 19. Bc4 Bf6 20. Nh3 Kg7 21. Rhf1 Bd4
22. e5 Ra7 23. Bf6+ Kh6 24. Qb6 Rb7 25. Qxa6 Rb8 26. Bg5+ Kh7 27. Bxe7 Bxa6 28.
Ng5+ Kg8 29. Bxe6+ Kg7 30. Bxf8+ Rhxf8 31. Rfe1 Rxf4 32. Bd5 Ne7 33. Ne6+ Kh6
34. Nxf4 Bf2 35. Re4 Bxh4 36. Bc4 Bb7 37. Re2 Nf5 38. Nd5 Nd4 39. Re4 Bg5+ 40.
Kb1 Rd8 41. c3 bxc3 42. bxc3 Ne6 43. Ree1 h4 44. Nf6 Rxd1+ 45. Rxd1 Nf4 46. Rd7
Bxf6 47. Rxb7 Bxe5 48. Bf1 Bxc3 49. Kc2 Be1 50. Re7 Bb4 51. Ra7 Kg5 52. a5 Nd5
53. Kb3 Ne3 54. Bd3 Bxa5 55. Rxa5 Nxg2 56. Ra6 Nf4 57. Be4 h3 58. Kc4 Kg4 59.
Bxg6 Nxg6 60. Rxg6+ Kf3 61. Kd3 c4+ 62. Kd4 c3 63. Kxc3 h2 64. Rh6 Kg2 65. Rxh2+
Kxh2 1/2-1/2